[Event "GRE-ch (Women) 45th"]
[Site "Athens"]
[Date "2023.12.04"]
[Round "4"]
[White "Deli, Eleanna Ratzvika"]
[Black "Daniilidi, Dimitra Lydia"]
[Result "0-1"]
[WhiteElo "1668"]
[BlackElo "1643"]
[PlyCount "42"]
[EventDate "2023.12.01"]
[EventType "tourn"]
[EventRounds "9"]
[EventCountry "GRE"]
[SourceTitle "CB50_2023"]
[SourceDate "2023.12.13"]
[SourceVersion "1"]
[SourceVersionDate "2023.12.13"]
[SourceQuality "1"]

1. d4 f5 2. e4 fxe4 3. f3 e6 4. Nc3 Bb4 5. Be3 d5 6. Qd2 Nf6 7. 0-0-0 0-0 8. Bg5 Nbd7 9. Nge2 c5 10. Qe3 Qb6 11. fxe4 Ng4 12. Qg3 Nf2 13. Bh6 Rf7 14. Rg1 Nxd1 15. Nxd1 e5 16. Bg5 cxd4 17. exd5 Qd6 18. c3 dxc3 19. Nexc3 Nb6 20. Bd3 Bf5 21. Ne4 Bxe4 0-1

[Event "GRE-ch Online Blitz op 1st"]
[Site "Tornelo INT"]
[Date "2021.02.07"]
[Round "16"]
[White "Deli, Eleanna Ratzvika"]
[Black "Cheiladakis, Vasileios"]
[Result "1/2-1/2"]
[WhiteElo "1834"]
[BlackElo "1525"]
[PlyCount "130"]
[EventDate "2021.02.07"]
[EventType "swiss (blitz)"]
[EventRounds "16"]
[EventCountry "GRE"]
[SourceTitle "EXT 2023"]
[Source "ChessBase"]
[SourceDate "2022.10.05"]
[SourceVersion "1"]
[SourceVersionDate "2022.10.05"]
[SourceQuality "1"]

1. d4 Nf6 2. c4 e6 3. a3 d5 4. Nc3 c5 5. e3 Nc6 6. dxc5 Bxc5 7. b4 Be7 8. Bb2 0-0 9. Nf3 dxc4 10. Bxc4 a6 11. 0-0 Qc7 12. Qe2 b5 13. Ba2 Rd8 14. Rac1 Bb7 15. e4 Qb6 16. Rfd1 Rxd1+ 17. Rxd1 Rd8 18. Rxd8+ Qxd8 19. e5 Ne8 20. Bb1 Nc7 21. h4 Nd5 22. Qe4 g6 23. h5 Nxc3 24. Bxc3 Qd5 25. Qc2 Bf8 26. hxg6 hxg6 27. Qe2 Bg7 28. Bb2 Qd7 29. Ng5 Ne7 30. Ne4 Nd5 31. Nd6 Bc6 32. Ba2 Ne7 33. Qd2 Bd5 34. Bxd5 Nxd5 35. Qd4 Ne7 36. Qe3 Nf5 37. Qf3 Nxd6 38. Qa8+ Ne8 39. Bc3 Qd1+ 40. Kh2 Qh5+ 41. Kg1 Qd1+ 42. Kh2 Qd7 43. Qe4 Qd5 44. Qe3 f6 45. exf6 Nxf6 46. Qg3 Ne4 47. Qb8+ Kf7 48. Qa7+ Ke8 49. Qxg7 Nxc3 50. Qxc3 Qd6+ 51. Kh3 e5 52. Qe3 Qe6+ 53. Kg3 Qf5 54. Kh2 Qh5+ 55. Kg3 Qf5 56. f3 Ke7 57. Qa7+ Kf8 58. Qb8+ Kf7 59. Qb7+ Kf8 60. Qb8+ Kf7 61. Qa8 Qf4+ 62. Kf2 Qd2+ 63. Kg3 Qf4+ 64. Kh3 Qh6+ 65. Kg3 Qf4+ 1/2-1/2

[Event "GRE-ch Online Blitz op 1st"]
[Site "Tornelo INT"]
[Date "2021.02.07"]
[Round "13"]
[White "Deli, Eleanna Ratzvika"]
[Black "Giannoulis, Grigorios"]
[Result "1-0"]
[WhiteElo "1834"]
[BlackElo "1198"]
[PlyCount "93"]
[EventDate "2021.02.07"]
[EventType "swiss (blitz)"]
[EventRounds "16"]
[EventCountry "GRE"]
[SourceTitle "EXT 2023"]
[Source "ChessBase"]
[SourceDate "2022.10.05"]
[SourceVersion "1"]
[SourceVersionDate "2022.10.05"]
[SourceQuality "1"]

1. d4 Nf6 2. c4 e6 3. Nf3 Bb4+ 4. Nbd2 0-0 5. a3 Bxd2+ 6. Qxd2 b6 7. e3 Bb7 8. Be2 d6 9. 0-0 Nbd7 10. b4 Ne4 11. Qc2 f5 12. Bb2 Qe7 13. Nd2 Ndf6 14. f3 Nxd2 15. Qxd2 Rad8 16. Qc3 Nd7 17. c5 dxc5 18. dxc5 bxc5 19. bxc5 Nxc5 20. a4 Na6 21. Rfd1 Rd6 22. Ba3 Rxd1+ 23. Rxd1 c5 24. Bxa6 Bxa6 25. Bxc5 Rc8 26. Rc1 Qc7 27. Qd4 Kf7 28. h3 Rd8 29. Qh4 h6 30. Ba3 Qd7 31. Qh5+ Kg8 32. Qh4 Rc8 33. Rxc8+ Qxc8 34. Qe7 Bc4 35. Bd6 Bd5 36. Be5 Qf8 37. Qc7 Qf7 38. Qd8+ Kh7 39. Qd6 Qg6 40. Kf2 Qe8 41. a5 Qa4 42. Qe7 Kg6 43. Qxg7+ Kh5 44. g4+ fxg4 45. hxg4+ Kh4 46. Qf6+ Kh3 47. Qxh6# 1-0

[Event "GRE-ch Online Blitz op 1st"]
[Site "Tornelo INT"]
[Date "2021.02.07"]
[Round "7"]
[White "Deli, Eleanna Ratzvika"]
[Black "Kiousi, Panagiota"]
[Result "1-0"]
[WhiteElo "1834"]
[BlackElo "1420"]
[PlyCount "119"]
[EventDate "2021.02.07"]
[EventType "swiss (blitz)"]
[EventRounds "16"]
[EventCountry "GRE"]
[SourceTitle "EXT 2023"]
[Source "ChessBase"]
[SourceDate "2022.10.05"]
[SourceVersion "1"]
[SourceVersionDate "2022.10.05"]
[SourceQuality "1"]

1. d4 Nf6 2. c4 g6 3. Nc3 Bg7 4. e4 d6 5. f3 0-0 6. Be3 c5 7. Nge2 Nbd7 8. Qd2 cxd4 9. Nxd4 h5 10. Be2 Ne5 11. 0-0 Bd7 12. b3 Kh7 13. Rac1 Rc8 14. Rfd1 a6 15. Bf1 Bc6 16. Qf2 Nfd7 17. Nd5 Bxd5 18. exd5 Nc5 19. Qd2 a5 20. Nb5 Qd7 21. Bd4 Qf5 22. h3 h4 23. f4 Bh6 24. Qf2 Qxf4 25. Rc2 Qxf2+ 26. Bxf2 Ne4 27. Bxh4 Be3+ 28. Kh2 g5 29. Be1 Bf4+ 30. g3 Be3 31. Re2 Nf3+ 32. Kg2 Nxe1+ 33. Rdxe1 Bd2 34. Rxe4 Bxe1 35. Rxe1 e5 36. dxe6 fxe6 37. Rxe6 Rc5 38. Bd3+ Kg7 39. Nxd6 Rd8 40. Be4 Rc7 41. Nf5+ Kf7 42. Bd5 Kf8 43. Rf6+ Ke8 44. Re6+ Kf8 45. Rf6+ Ke8 46. Rg6 Rxd5 47. cxd5 Rc2+ 48. Kf3 Rc3+ 49. Kg4 Kd7 50. Rg7+ Kc8 51. d6 Rd3 52. Kxg5 b5 53. h4 a4 54. bxa4 bxa4 55. h5 Ra3 56. h6 Rxa2 57. h7 Rh2 58. Nh6 Rxh6 59. Kxh6 a3 60. h8R# 1-0

[Event "GRE-ch Online Blitz op 1st"]
[Site "Tornelo INT"]
[Date "2021.02.07"]
[Round "10"]
[White "Gioras, Ioannis"]
[Black "Deli, Eleanna Ratzvika"]
[Result "1-0"]
[WhiteElo "1502"]
[BlackElo "1834"]
[PlyCount "115"]
[EventDate "2021.02.07"]
[EventType "swiss (blitz)"]
[EventRounds "16"]
[EventCountry "GRE"]
[SourceTitle "EXT 2023"]
[Source "ChessBase"]
[SourceDate "2022.10.05"]
[SourceVersion "1"]
[SourceVersionDate "2022.10.05"]
[SourceQuality "1"]

1. e4 c5 2. Nf3 e6 3. d4 cxd4 4. Nxd4 Nc6 5. c3 Nf6 6. Bd3 d5 7. Nxc6 bxc6 8. exd5 cxd5 9. Bf4 Bd6 10. Bxd6 Qxd6 11. 0-0 0-0 12. Nd2 e5 13. Re1 e4 14. Be2 Rb8 15. Nb3 a5 16. Qd2 Bg4 17. Rad1 a4 18. Nd4 Bxe2 19. Qxe2 Qb6 20. b3 Rfc8 21. Qd2 Qc5 22. Nf5 axb3 23. axb3 Rxb3 24. Qg5 Qf8 25. Nh6+ Kh8 26. Ng4 Nxg4 27. Qxg4 Rbxc3 28. Rxd5 Rc1 29. Rdd1 Rxd1 30. Rxd1 Re8 31. Re1 f5 32. Qf4 Qf6 33. h3 Qe5 34. Qg5 Qe7 35. Qxf5 h6 36. g3 Qb7 37. Qf4 Qe7 38. Re3 Qb7 39. Kg2 Qe7 40. h4 Qe6 41. g4 Re7 42. g5 hxg5 43. hxg5 Qg6 44. Qg4 Rf7 45. Qh3+ Kg8 46. Qc8+ Kh7 47. Qh3+ Kg8 48. Qc8+ Rf8 49. Qc4+ Kh7 50. Qxe4 Rf5 51. Qh4+ Kg8 52. f4 Kf7 53. Rf3 Qc6 54. Qf2 Ke6 55. Kg3 Kf7 56. Qe3 Qg6 57. Qb3+ Kf8 58. Rd3 1-0

[Event "GRE-ch Online Blitz op 1st"]
[Site "Tornelo INT"]
[Date "2021.02.07"]
[Round "6"]
[White "Kiryttopoulos, Ioannis"]
[Black "Deli, Eleanna Ratzvika"]
[Result "0-1"]
[WhiteElo "1318"]
[BlackElo "1834"]
[PlyCount "72"]
[EventDate "2021.02.07"]
[EventType "swiss (blitz)"]
[EventRounds "16"]
[EventCountry "GRE"]
[SourceTitle "EXT 2023"]
[Source "ChessBase"]
[SourceDate "2022.10.05"]
[SourceVersion "1"]
[SourceVersionDate "2022.10.05"]
[SourceQuality "1"]

1. d4 d5 2. Nf3 Nf6 3. e3 c5 4. b3 Nc6 5. a3 Bg4 6. Be2 cxd4 7. exd4 e6 8. Bb2 Bd6 9. Nbd2 0-0 10. 0-0 Rc8 11. Ne5 Bf5 12. c4 Bb8 13. f4 Ne4 14. Nxe4 Bxe4 15. Bd3 f6 16. Nxc6 Rxc6 17. Bxe4 dxe4 18. Qe2 f5 19. Rad1 Rd6 20. d5 exd5 21. cxd5 Kh8 22. Qc4 Rf7 23. Rc1 Rfd7 24. Rfd1 h6 25. Qc3 a6 26. Kh1 Ba7 27. b4 Qh4 28. Qc8+ Kh7 29. Qf8 Qxf4 30. Rf1 Qg5 31. Rxf5 Qg6 32. Rcf1 Rxd5 33. Rxd5 Rxd5 34. h3 Rd2 35. Rg1 Rxb2 36. Qe7 Bxg1 0-1

[Event "GRE-ch Online Blitz op 1st"]
[Site "Tornelo INT"]
[Date "2021.02.07"]
[Round "8"]
[White "Stoimenidis, Dimitrios"]
[Black "Deli, Eleanna Ratzvika"]
[Result "1-0"]
[WhiteElo "1561"]
[BlackElo "1834"]
[PlyCount "69"]
[EventDate "2021.02.07"]
[EventType "swiss (blitz)"]
[EventRounds "16"]
[EventCountry "GRE"]
[SourceTitle "EXT 2023"]
[Source "ChessBase"]
[SourceDate "2022.10.05"]
[SourceVersion "1"]
[SourceVersionDate "2022.10.05"]
[SourceQuality "1"]

1. e4 c5 2. Nf3 e6 3. d4 cxd4 4. Nxd4 Nc6 5. Nb5 d6 6. c4 Nf6 7. N1c3 a6 8. Na3 Be7 9. Be3 0-0 10. Be2 b6 11. Qb3 Nd7 12. 0-0 Bb7 13. Rad1 Qc7 14. f4 Nc5 15. Qc2 Rad8 16. Bf3 Nb4 17. Qe2 Rfe8 18. Nc2 Nc6 19. b3 Bf6 20. Nd4 Nxd4 21. Bxd4 e5 22. fxe5 Bxe5 23. Bxe5 dxe5 24. Nd5 Bxd5 25. cxd5 a5 26. Rc1 Qd6 27. Bh5 g6 28. Bg4 Rf8 29. Bh3 Rb8 30. Rc3 Rb7 31. Rcf3 Re7 32. Rf6 Qd8 33. Qb5 Rd7 34. Bxd7 Nxd7 35. Rd6 1-0

[Event "Petroupoli ASOP Dias op"]
[Site "Petroupoli"]
[Date "2013.02.06"]
[Round "3.9"]
[White "Deli, Eleanna Ratzvika"]
[Black "Anairousis, Panagiotis"]
[Result "0-1"]
[WhiteElo "1860"]
[BlackElo "1935"]
[PlyCount "90"]
[EventDate "2013.01.23"]
[EventType "swiss"]
[EventRounds "7"]
[EventCountry "GRE"]
[SourceTitle "EXT 2024"]
[Source "ChessBase"]
[SourceDate "2023.10.10"]
[SourceVersion "1"]
[SourceVersionDate "2023.10.10"]
[SourceQuality "1"]

1. d4 d6 2. Nf3 g6 3. g3 Bg7 4. Bg2 c6 5. 0-0 Nf6 6. b3 0-0 7. Bb2 Qc7 8. c4 a5 9. Nc3 Re8 10. d5 Na6 11. Nd4 Bd7 12. dxc6 bxc6 13. Na4 Rab8 14. Nc2 c5 15. Bc3 Bxa4 16. bxa4 Nd7 17. Bxg7 Kxg7 18. Na3 Nb6 19. Nb5 Qd7 20. Qb3 Kg8 21. a3 Nc7 22. Qc3 Nxb5 23. axb5 Qe6 24. Bc6 Red8 25. Qxa5 Nxc4 26. Qc3 Ne5 27. Bg2 Rxb5 28. a4 Rb3 29. Qc2 c4 30. a5 d5 31. Rfd1 Nc6 32. Ra4 Nb4 33. Qd2 c3 34. Qf4 Qd6 35. Qd4 c2 36. Rc1 Rb1 37. Ra1 Rxc1+ 38. Rxc1 e5 39. Qc3 Ra8 40. Qa3 Ra6 41. Bxd5 Qxd5 42. Qxb4 Qd1+ 43. Qe1 Qxe1+ 44. Rxe1 Rd6 45. a6 Rd1 0-1